| 000 | 00464nam a22001697a 4500 | ||
|---|---|---|---|
| 005 | 20180208144440.0 | ||
| 008 | 160428b xxu||||| |||| 00| 0 eng d | ||
| 020 | _a0-07-049549-1 | ||
| 041 | _aeng | ||
| 082 |
_b00551 _a005.73 |
||
| 100 |
_aLipschuts, Seymour _9159 |
||
| 245 | _aSchaum's Outline Series Theory & Problems of Data Structures | ||
| 260 |
_aNew Delhi _bTMH Publ.co.Ltd. _c2003 |
||
| 300 | _a344 | ||
| 650 |
_aInformation Technology _9137 |
||
| 942 | _cBK | ||
| 999 |
_c158 _d158 |
||